000 00311nam a22001337a 4500
008 170511b xxu||||| |||| 00| 0 eng d
020 _a9780131745810
041 _aeng
080 _a343.9
100 _a15
101 _aSHJ
245 _aCOURTS AND CRIMINAL JUSTICE IN AMERICA
_cSIEGEL, L.J
942 _2udc
_cBK
999 _c13193
_d13193